Civilized life in the universe : scientists on the intelligent extraterrestrials

Αποθηκεύτηκε σε:
Λεπτομέρειες βιβλιογραφικής εγγραφής
Κύριος συγγραφέας: Basalla, George
Μορφή: Βιβλίο
Γλώσσα:English
Δημοσίευση: New York : Oxford University Press, 2006
Θέματα:
Ετικέτες: Προσθήκη ετικέτας
Δεν υπάρχουν, Καταχωρήστε ετικέτα πρώτοι!

MARC

LEADER 00000nam a2200000 i 4500
001 1/68423
008 071218s2006 eng d
020 |a 0-19-517181-0 
035 |l 10093227 
040 |a GR-MY-UA  |b gre  |e aacr 
041 0 |a eng 
082 0 |a 576.839  |2 (22) 
100 1 |a Basalla, George. 
245 1 0 |a Civilized life in the universe :  |b scientists on the intelligent extraterrestrials /  |c George Basalla 
260 |a New York :   |b Oxford University Press,   |c 2006 
300 |a 233 σ.;  |b εικ.;  |c 24 εκ. 
504 |a Βιβλιογραφία: σ. 209-227 
504 |a Ευρετήριο: σ. 229-233 
650 0 0 |a Life on other planets  |x Research. 
650 0 0 |a Extraterrestrial beings  |x Research. 
651 0 |a Outer space  |x Exploration  |x Public opinion. 
852 |a INST  |b LESVOS  |e 20071218  |h 576.839 BAS  |p 005100040808  |q 005100040808  |t BK  |y 0 
901 |a BIBL1-2007-3 
909 |a Λ  |b 142595 
922 |a 1ΕΛΗ  |b 200712  |c ΕΠΕΑΕΚ2/ΤΠ  |d ΕΛΕΥΘΕΡΟΥΔΑΚΗΣ 
970 |a ΧΑΤΖΗΜΙΧΑΗΛ  |b ΜΑΡΙΑ  |z 2007/12/18